[Event "Böblinger Open 2015"]
[Site "Böblingen"]
[Date "2015.12.27"]
[Round "3.7"]
[White "Xu, Xiangyu"]
[Black "Roos, Adrian"]
[Result "1-0"]
[WhiteElo "2390"]
[BlackElo "2265"]
[PlyCount "107"]
[EventDate "2015.12.??"]
[EventType "swiss"]
[EventRounds "9"]
[BlackTeam "Caballos Zottegem"]

1. e4 c5 2. Nf3 d6 3. d4 cxd4 4. Nxd4 Nf6 5. Nc3 a6 6. Be2 e5 7. Nb3 Be7 8. O-O
Be6 9. Qd3 Nc6 10. Bg5 Nb4 11. Qd2 d5 12. Bxf6 Bxf6 13. a3 d4 14. axb4 dxc3 15.
Qxc3 Rc8 16. Nc5 Qb6 17. Qa3 O-O 18. c3 Be7 19. Nxe6 Qxe6 20. Rfd1 Rfd8 21. Qa4
g6 22. b5 axb5 23. Qxb5 b6 24. Rxd8+ Bxd8 25. Ra7 Rc5 26. Qd3 Bg5 27. g3 Ra5
28. Rc7 Rc5 29. Ra7 Ra5 30. Rxa5 bxa5 31. h4 Be7 32. Qb5 Bd8 33. Bc4 Qe7 34.
Kg2 h5 35. Bd5 Kg7 36. c4 g5 37. hxg5 Qxg5 38. Qe8 Qe7 39. Bxf7 Qxe8 40. Bxe8
h4 41. Kh3 hxg3 42. fxg3 Bb6 43. Kg4 Kf6 44. Kh5 Bd4 45. b3 Bf2 46. g4 Be3 47.
Bb5 Kf7 48. g5 Kg7 49. Kg4 Kf7 50. Kf5 Bd4 51. Bc6 Be3 52. Bd5+ Kg7 53. g6 Bd4
54. Bf7 1-0

[Event "Böblinger Open 2015"]
[Site "Böblingen"]
[Date "2015.12.27"]
[Round "3.8"]
[White "Möhn, Hans"]
[Black "Chetverik, Maxim"]
[Result "1-0"]
[WhiteElo "2383"]
[BlackElo "2257"]
[PlyCount "77"]
[EventDate "2015.12.??"]
[EventType "swiss"]
[EventRounds "9"]
[WhiteTeam "USV TU Dresden"]
[BlackTeam "Woronesh"]

1. Nf3 f5 2. g3 Nf6 3. Bg2 e6 4. O-O Be7 5. d4 O-O 6. c4 Ne4 7. Nbd2 Bf6 8. Qc2
d5 9. e3 Nc6 10. a3 a5 11. b3 Bd7 12. Bb2 Be8 13. Rac1 Bh5 14. cxd5 exd5 15.
Ne5 Ra6 16. Nd3 Be2 17. Nf4 Bxf1 18. Bxf1 Ra8 19. Nxe4 dxe4 20. Ne6 Qd6 21.
Nxf8 Kxf8 22. g4 g6 23. gxf5 gxf5 24. Qc5 f4 25. Qf5 fxe3 26. fxe3 Kg7 27. Bg2
Ne7 28. Qxe4 c6 29. Rf1 Ng6 30. Kh1 a4 31. b4 Rf8 32. Bc3 Rf7 33. Qf5 Nh4 34.
Qg4+ Kh8 35. Qc8+ Rf8 36. Rxf6 Qxf6 37. d5 Rxc8 38. Bxf6+ Kg8 39. d6 1-0

[Event "Böblinger Open 2015"]
[Site "Böblingen"]
[Date "2015.12.27"]
[Round "3.9"]
[White "Kostic, Vladimir"]
[Black "Germer, Philipp"]
[Result "1-0"]
[WhiteElo "2369"]
[BlackElo "2152"]
[PlyCount "39"]
[EventDate "2015.12.??"]
[EventType "swiss"]
[EventRounds "9"]
[WhiteTeam "SK München Südost"]
[BlackTeam "SC Oberwinden"]

1. e4 c5 2. Nc3 d6 3. f4 Nc6 4. Nf3 g6 5. Bb5 Bd7 6. O-O Bg7 7. d3 Nd4 8. Bxd7+
Qxd7 9. Nxd4 Bxd4+ 10. Kh1 f5 11. exf5 Nf6 12. Ne2 Nd5 13. Ng3 O-O-O 14. c3 Bg7
15. Qb3 Qc6 16. Qc4 h5 17. fxg6 Rdf8 18. Qe4 Bf6 19. Nf5 Rfg8 20. g7 1-0

[Event "Böblinger Open 2015"]
[Site "Böblingen"]
[Date "2015.12.27"]
[Round "3.10"]
[White "Menezes, Christoph"]
[Black "Kucuksari, Kaan"]
[Result "1-0"]
[WhiteElo "2346"]
[BlackElo "2035"]
[PlyCount "151"]
[EventDate "2015.12.??"]
[EventType "swiss"]
[EventRounds "9"]

1. d4 f5 2. c4 Nf6 3. Nc3 g6 4. h4 d6 5. h5 Nxh5 6. Rxh5 gxh5 7. e4 Qd7 8.
Qxh5+ Kd8 9. Nf3 Qe8 10. Qh4 c6 11. Bf4 Bg7 12. O-O-O Be6 13. Re1 Bf6 14. Qh2
Nd7 15. e5 dxe5 16. Nxe5 Nxe5 17. Bxe5 Bxe5 18. Qxe5 Bd7 19. d5 Qf8 20. dxc6
bxc6 21. Na4 Qf6 22. Qa5+ Ke8 23. Nc5 Rb8 24. Qd2 Bc8 25. Nd3 Kf7 26. Qf4 Rb7
27. Ne5+ Ke8 28. c5 Rg8 29. Qa4 Bd7 30. f4 Rg4 31. Qa6 Bc8 32. Bb5 cxb5 33.
Qxf6 exf6 34. Nxg4+ Kf7 35. Ne3 Be6 36. b4 a5 37. a3 axb4 38. axb4 Ra7 39. Nc2
Bd5 40. Rh1 Kg6 41. Kb2 Ra2+ 42. Kc3 Be4 43. Rc1 Kf7 44. g3 Ke7 45. Nd4 Ra3+
46. Kb2 Rxg3 47. Nxb5 Kd7 48. Nd4 Rg8 49. b5 h5 50. Ra1 h4 51. Ra7+ Kc8 52. Rh7
Rg4 53. c6 h3 54. b6 Bd5 55. Rh8+ Rg8 56. Rxh3 Bxc6 57. Nxc6 Kb7 58. Ne7 Rg2+
59. Kc3 Kxb6 60. Nxf5 Rf2 61. Ne3 Kc5 62. Rh4 Rf3 63. Kd3 f5 64. Ke2 Rg3 65.
Nxf5 Rg2+ 66. Kf3 Ra2 67. Ne3 Kd6 68. Rh6+ Ke7 69. Rb6 Ra1 70. f5 Ra4 71. Nd5+
Kf7 72. Rb7+ Kf8 73. Nf4 Ra1 74. f6 Ra6 75. Ng6+ Kg8 76. Rg7# 1-0

[Event "Böblinger Open 2015"]
[Site "Böblingen"]
[Date "2015.12.27"]
[Round "3.11"]
[White "Kachar, Vladimir"]
[Black "Berend, Fred"]
[Result "1/2-1/2"]
[WhiteElo "2240"]
[BlackElo "2344"]
[PlyCount "101"]
[EventDate "2015.12.??"]
[EventType "swiss"]
[EventRounds "9"]
[BlackTeam "Dudelange"]

1. d4 Nf6 2. c4 e6 3. Nf3 d5 4. Nc3 c6 5. e3 Nbd7 6. Qc2 a6 7. Bd3 dxc4 8. Bxc4
b5 9. Be2 Bb7 10. O-O c5 11. Rd1 cxd4 12. exd4 Rc8 13. a3 Be7 14. Bg5 O-O 15.
Rac1 h6 16. Be3 Nd5 17. Qd2 Nxc3 18. Rxc3 Rxc3 19. Qxc3 Nb6 20. Ne5 Bd6 21. Qd2
Nd5 22. Bf3 Re8 23. Bh5 Bxe5 24. dxe5 Qb8 25. Qd4 Rc8 26. Be2 Ne7 27. Qd6 Nd5
28. Qxb8 Rxb8 29. Bd2 Kh7 30. f3 Nb6 31. Be3 Bd5 32. Bd3+ Kg8 33. Bxb6 Rxb6 34.
Rc1 g5 35. Kf2 Kg7 36. b4 Rb7 37. Ke3 Rd7 38. Rc2 h5 39. Be2 Kg6 40. g3 f6 41.
Bd3+ Kf7 42. f4 gxf4+ 43. gxf4 h4 44. Rc8 fxe5 45. fxe5 Kg7 46. Rc2 Kh6 47. Rf2
Kg5 48. h3 Rc7 49. Kd2 Rd7 50. Ke3 Rc7 51. Kd2 1/2-1/2

[Event "Böblinger Open 2015"]
[Site "Böblingen"]
[Date "2015.12.28"]
[Round "4.1"]
[White "Möhn, Hans"]
[Black "Bortnyk, Olexandr"]
[Result "1/2-1/2"]
[WhiteElo "2383"]
[BlackElo "2552"]
[PlyCount "53"]
[EventDate "2015.12.??"]
[EventType "swiss"]
[EventRounds "9"]
[WhiteTeam "USV TU Dresden"]

1. Nf3 d6 2. d4 Nf6 3. c4 g6 4. g3 Bg7 5. Bg2 O-O 6. O-O Bf5 7. Nc3 Ne4 8. Nxe4
Bxe4 9. Be3 Nd7 10. Bh3 Bxf3 11. exf3 c5 12. Bxd7 cxd4 13. Bxd4 Bxd4 14. Qxd4
Qxd7 15. Rfe1 Rfc8 16. Re4 Rc7 17. Rae1 e6 18. Rd1 Qa4 19. Qxd6 Rac8 20. b3
Qxa2 21. Qb4 a5 22. Qc3 a4 23. Red4 Rf8 24. Rd8 Rc8 25. Rxf8+ Rxf8 26. bxa4
Qxa4 27. Rb1 1/2-1/2

[Event "Böblinger Open 2015"]
[Site "Böblingen"]
[Date "2015.12.28"]
[Round "4.2"]
[White "Kostic, Vladimir"]
[Black "Skoberne, Jure"]
[Result "0-1"]
[WhiteElo "2369"]
[BlackElo "2547"]
[PlyCount "130"]
[EventDate "2015.12.??"]
[EventType "swiss"]
[EventRounds "9"]
[WhiteTeam "SK München Südost"]

1. e4 g6 2. d4 Bg7 3. Nc3 c6 4. Nf3 d6 5. Be2 Nf6 6. O-O O-O 7. a4 Qc7 8. h3 e5
9. dxe5 dxe5 10. Be3 Nh5 11. Re1 Nf4 12. Bf1 a5 13. Qc1 Nd7 14. Rd1 Re8 15. g3
Ne6 16. Bh6 Qb6 17. Bxg7 Kxg7 18. Bg2 Qc5 19. Qd2 Nb6 20. Ne2 Rd8 21. Qc1 Bd7
22. b3 Be8 23. Qb2 f6 24. h4 Qb4 25. Rxd8 Rxd8 26. Qc1 Nd7 27. Nh2 h5 28. Nf1
Nd4 29. Nxd4 exd4 30. Nd2 Ne5 31. Nf3 d3 32. cxd3 Nxf3+ 33. Bxf3 Rxd3 34. Qf4
Bf7 35. Kg2 Qd4 36. Re1 Rxb3 37. e5 fxe5 38. Rxe5 Qxf4 39. gxf4 Rb4 40. Rxa5
Bb3 41. Rg5 Rxf4 42. Bxh5 Kh6 43. Bxg6 Rxh4 44. Rg3 Bd5+ 45. f3 Rxa4 46. Kf2 b5
47. Bd3 Ra3 48. f4 Bf7 49. Rh3+ Kg7 50. Re3 b4 51. Ke2 b3 52. Re7 b2 53. Bc2
Kf6 54. Rb7 Bc4+ 55. Kd2 Bb5 56. Bb1 Rf3 57. f5 Ke5 58. Re7+ Kd5 59. Re3 Rf1
60. Re1 Rf2+ 61. Kc3 Ba4 62. Bd3 Rf3 63. Kd2 Rf2+ 64. Kc3 c5 65. Rb1 Rf3 0-1

[Event "Böblinger Open 2015"]
[Site "Böblingen"]
[Date "2015.12.28"]
[Round "4.3"]
[White "Menezes, Christoph"]
[Black "Dann, Matthias"]
[Result "1/2-1/2"]
[WhiteElo "2346"]
[BlackElo "2477"]
[PlyCount "71"]
[EventDate "2015.12.??"]
[EventType "swiss"]
[EventRounds "9"]
[BlackTeam "TSV Schott Mainz"]

1. Nf3 Nf6 2. c4 b6 3. g3 Bb7 4. Bg2 g6 5. O-O Bg7 6. d4 O-O 7. d5 Ne4 8. Qc2
f5 9. Rd1 Na6 10. Be3 Qe8 11. Bd4 e5 12. dxe6 Qxe6 13. Bxg7 Kxg7 14. Nc3 Rae8
15. Nd5 Qf7 16. e3 g5 17. Nd2 c6 18. Nxe4 fxe4 19. Nc3 d5 20. cxd5 cxd5 21. Nb5
Re6 22. b4 Rh6 23. Rac1 Kg8 24. Qe2 Bc6 25. Nd4 Ba4 26. Rf1 Nxb4 27. f4 gxf4
28. Rxf4 Rf6 29. Rcf1 Rxf4 30. Rxf4 Qd7 31. Qh5 Rxf4 32. gxf4 Qf7 33. Qg5+ Qg7
34. Qd8+ Qf8 35. Qg5+ Qg7 36. Qd8+ 1/2-1/2

[Event "Böblinger Open 2015"]
[Site "Böblingen"]
[Date "2015.12.28"]
[Round "4.4"]
[White "Neef, Maximilian"]
[Black "Schiendorfer, Emanuel"]
[Result "1/2-1/2"]
[WhiteElo "2403"]
[BlackElo "2339"]
[PlyCount "73"]
[EventDate "2015.12.??"]
[EventType "swiss"]
[EventRounds "9"]
[WhiteTeam "USV TU Dresden"]

1. Nf3 d5 2. c4 d4 3. g3 Nc6 4. Bg2 e5 5. O-O Nf6 6. d3 Bd6 7. e3 O-O 8. exd4
Nxd4 9. Nxd4 exd4 10. Nd2 Bg4 11. Qc2 c6 12. Nf3 Bc7 13. Re1 Ba5 14. Bd2 Bxd2
15. Qxd2 Bxf3 16. Bxf3 Qd6 17. b4 Rfe8 18. a4 Rxe1+ 19. Rxe1 Re8 20. Rxe8+ Nxe8
21. b5 Qc7 22. bxc6 bxc6 23. c5 g6 24. Qb4 Ng7 25. Qxd4 Ne6 26. Qc4 Qd7 27. Bg4
f5 28. Bd1 Kg7 29. Bb3 Nd4 30. Kg2 Kf6 31. Bd1 Qd5+ 32. Qxd5 cxd5 33. a5 Ne6
34. Bb3 Ke5 35. f4+ Kd4 36. c6 Kc5 37. Kf2 1/2-1/2

[Event "Böblinger Open 2015"]
[Site "Böblingen"]
[Date "2015.12.28"]
[Round "4.5"]
[White "Beukema, Stefan"]
[Black "Xu, Xiangyu"]
[Result "1/2-1/2"]
[WhiteElo "2342"]
[BlackElo "2390"]
[PlyCount "89"]
[EventDate "2015.12.??"]
[EventType "swiss"]
[EventRounds "9"]
[WhiteTeam "SV Würselen"]

1. e4 c5 2. Nf3 Nc6 3. d4 cxd4 4. Nxd4 Nf6 5. Nc3 d6 6. f4 Bd7 7. Nb3 g6 8. Be2
Bg7 9. Be3 O-O 10. O-O Rb8 11. a4 b6 12. Bf3 Qc8 13. h3 Be6 14. Nd5 Nd7 15. c3
Nc5 16. Nc1 Nd7 17. Ne2 a5 18. Rb1 Re8 19. b4 Nd8 20. Qd3 Qc6 21. Nd4 Bxd4 22.
Bxd4 axb4 23. cxb4 Bxd5 24. exd5 Qxa4 25. Rb3 Nf6 26. Ra1 Qd7 27. Ra6 e5 28.
dxe6 Qxe6 29. Bxb6 Qe1+ 30. Kh2 Ne6 31. Be3 Rxb4 32. Rxb4 Qxb4 33. Bd2 Nxf4 34.
Qc2 Qb5 35. Qc6 Qf5 36. Qxd6 Ne6 37. Bc3 Ne4 38. Bxe4 Qxe4 39. Qd1 Qf4+ 40. Kh1
Rc8 41. Bb2 Qc4 42. Rd6 h5 43. Rd2 h4 44. Qe1 g5 45. Re2 1/2-1/2

[Event "Böblinger Open 2015"]
[Site "Böblingen"]
[Date "2015.12.28"]
[Round "4.6"]
[White "Zubarev, Alexander"]
[Black "Klein, Felix"]
[Result "1-0"]
[WhiteElo "2548"]
[BlackElo "2344"]
[PlyCount "87"]
[EventDate "2015.12.??"]
[EventType "swiss"]
[EventRounds "9"]
[WhiteTeam "SC Siegburg"]
[BlackTeam "Aachener SV"]

1. Nf3 d5 2. g3 c6 3. Bg2 Bg4 4. O-O Nd7 5. d3 Ngf6 6. Qe1 e5 7. e4 dxe4 8.
dxe4 Bc5 9. Nbd2 O-O 10. h3 Bh5 11. Nc4 Re8 12. a4 a5 13. Bd2 b6 14. Nh4 Qc7
15. Kh1 Bg6 16. Rd1 b5 17. axb5 cxb5 18. Nxa5 Bb6 19. b4 Qxc2 20. Rc1 Qa2 21.
Ra1 Qc2 22. Nxg6 hxg6 23. Qe2 Rac8 24. Rac1 Qa2 25. Ra1 Qc2 26. Rfc1 Qb2 27.
Rcb1 Qc2 28. Rc1 Qb2 29. Bf3 Bd4 30. Rab1 Qa2 31. Kg2 Nb6 32. Be1 Qxe2 33. Bxe2
Nxe4 34. Bxb5 Rxc1 35. Rxc1 Rd8 36. Nc6 Rd6 37. Be2 Bb2 38. Rc2 Na4 39. b5 Nec3
40. Rxb2 Nxb2 41. Bxc3 Na4 42. Bxe5 Rd2 43. Kf3 Nb6 44. Bd4 1-0

[Event "Böblinger Open 2015"]
[Site "Böblingen"]
[Date "2015.12.28"]
[Round "4.7"]
[White "Stupak, Kirill"]
[Black "Winterberg, Lukas"]
[Result "1-0"]
[WhiteElo "2542"]
[BlackElo "2321"]
[PlyCount "63"]
[EventDate "2015.12.??"]
[EventType "swiss"]
[EventRounds "9"]
[BlackTeam "SC Heimbach-Weis"]

1. d4 Nf6 2. c4 e6 3. g3 c5 4. Nf3 cxd4 5. Nxd4 d5 6. Bg2 Be7 7. cxd5 exd5 8.
O-O O-O 9. Nc3 Nc6 10. Bf4 Be6 11. Rc1 Qd7 12. Nxe6 fxe6 13. Bh3 Nh5 14. e3
Nxf4 15. exf4 Bf6 16. Re1 Rae8 17. Nxd5 Qxd5 18. Bxe6+ Qxe6 19. Rxe6 Rxe6 20.
Qd5 Nd4 21. f5 Rd8 22. Rc8 Rxc8 23. fxe6 Nc6 24. Qd7 Rb8 25. b4 a6 26. a4 h6
27. Qc7 Bd8 28. Qf7+ Kh7 29. b5 axb5 30. axb5 Ne7 31. Qf4 Rc8 32. Qe4+ 1-0

[Event "Böblinger Open 2015"]
[Site "Böblingen"]
[Date "2015.12.28"]
[Round "4.8"]
[White "Kvetny, Mark"]
[Black "Lei, Tingjie"]
[Result "1/2-1/2"]
[WhiteElo "2393"]
[BlackElo "2444"]
[PlyCount "83"]
[EventDate "2015.12.??"]
[EventType "swiss"]
[EventRounds "9"]
[WhiteTeam "Stuttgarter SF"]

1. d4 Nf6 2. c4 g6 3. Nc3 d5 4. Nf3 Bg7 5. h4 dxc4 6. e4 c5 7. d5 b5 8. h5 O-O
9. hxg6 fxg6 10. e5 Ng4 11. d6 e6 12. Rxh7 Rf5 13. Rh3 Nc6 14. a4 b4 15. Ne4
Ncxe5 16. Nxe5 Nxe5 17. g4 Rf8 18. f4 Nd3+ 19. Bxd3 cxd3 20. Qxd3 Bb7 21. Nxc5
Bd5 22. Qxg6 Qxd6 23. Be3 Rxf4 24. Nd3 Rff8 25. Qh7+ Kf7 26. Qh5+ Kg8 27. g5
Rf5 28. Qh7+ Kf7 29. Qh5+ Kg8 30. Qh7+ Kf7 31. g6+ Kf6 32. Bc5 Qc7 33. Qh4+
Kxg6 34. Rg3+ Kf7 35. Qg4 Kg8 36. Bd4 Rf7 37. Kd2 Kf8 38. Bxg7+ Rxg7 39. Qxb4+
Ke8 40. Qb5+ Kd8 41. Rxg7 Qxg7 42. Qa5+ 1/2-1/2

[Event "Böblinger Open 2015"]
[Site "Böblingen"]
[Date "2015.12.28"]
[Round "4.11"]
[White "Pezerovic, Edin"]
[Black "Kachar, Vladimir"]
[Result "1-0"]
[WhiteElo "2414"]
[BlackElo "2240"]
[PlyCount "71"]
[EventDate "2015.12.??"]
[EventType "swiss"]
[EventRounds "9"]
[WhiteTeam "Münchener SC"]

1. d4 Nf6 2. Bf4 e6 3. e3 d5 4. Nd2 Bd6 5. Bg3 c5 6. c3 Nc6 7. Ngf3 O-O 8. Bd3
Qe7 9. Ne5 Qc7 10. f4 cxd4 11. exd4 g6 12. O-O Nh5 13. Qe2 f6 14. Nxc6 bxc6 15.
Qe3 Bd7 16. c4 Rf7 17. c5 Nxg3 18. hxg3 Bf8 19. Nf3 Bg7 20. Rae1 Re8 21. b4
Rfe7 22. Qf2 Bc8 23. b5 cxb5 24. Bxb5 Rf8 25. Qe3 Qa5 26. Qe2 a6 27. Bd3 Rfe8
28. Qf2 Qc7 29. Kh2 Rf8 30. Qb2 Qa5 31. Qb6 Qxb6 32. cxb6 Bb7 33. Rc1 Rd8 34.
a4 a5 35. Rc5 Rd6 36. Rb1 {Zeitüberscheitung - timeout} 1-0

[Event "Böblinger Open 2015"]
[Site "Böblingen"]
[Date "2015.12.28"]
[Round "4.14"]
[White "Klaus, Dominik"]
[Black "Feller, Sebastien"]
[Result "0-1"]
[WhiteElo "1981"]
[BlackElo "2623"]
[PlyCount "120"]
[EventDate "2015.12.??"]
[EventType "swiss"]
[EventRounds "9"]
[WhiteTeam "Ssg Fils-Lauter"]
[BlackTeam "SG Speyer-Schwegenheim"]

1. d4 Nf6 2. c4 c5 3. Nf3 cxd4 4. Nxd4 b6 5. f3 Bb7 6. e4 d6 7. Nc3 e6 8. Be2
Be7 9. O-O O-O 10. Be3 a6 11. Qd2 Nbd7 12. b3 Qc7 13. Rfd1 Rac8 14. Rac1 Rfe8
15. Kh1 Qb8 16. Nc2 Ba8 17. Qe1 Bb7 18. g4 Nf8 19. Bf4 N6d7 20. Ne3 Bc6 21. Rc2
b5 22. cxb5 axb5 23. Qf1 b4 24. Nb5 Ne5 25. Nd4 Ba8 26. Rdc1 Rxc2 27. Rxc2 Nfg6
28. Bg3 Bh4 29. Nc4 Bxg3 30. hxg3 d5 31. exd5 Bxd5 32. Ne3 Ba8 33. Qc1 Rd8 34.
Rc7 Qb6 35. Qc5 Qxc5 36. Rxc5 Rxd4 37. Rc8+ Nf8 38. Rxa8 Rd2 39. Bf1 Nxf3 40.
Bg2 Ne5 41. Rb8 Re2 42. Nf1 Nd3 43. Ra8 g5 44. a4 bxa3 45. Rxa3 Nd7 46. Ra4 Rb2
47. Ra8+ Kg7 48. Ra5 h6 49. Rb5 N7e5 50. Rb7 Nxg4 51. Kg1 Nc1 52. b4 Ne2+ 53.
Kh1 Rb1 54. b5 Nxg3+ 55. Kg1 Ne2+ 56. Kh1 Ne3 57. b6 Nf4 58. Rb8 Nfxg2 59. b7
Nf4 60. Kh2 Nxf1+ 0-1

[Event "Böblinger Open 2015"]
[Site "Böblingen"]
[Date "2015.12.29"]
[Round "6.1"]
[White "Zubarev, Alexander"]
[Black "Menezes, Christoph"]
[Result "1/2-1/2"]
[WhiteElo "2548"]
[BlackElo "2346"]
[PlyCount "104"]
[EventDate "2015.12.??"]
[EventType "swiss"]
[EventRounds "9"]
[WhiteTeam "SC Siegburg"]

1. g3 Nf6 2. Bg2 d5 3. Nf3 e6 4. O-O Be7 5. d3 O-O 6. Nbd2 c5 7. e4 Nc6 8. Re1
b5 9. exd5 exd5 10. a4 b4 11. d4 Bf5 12. dxc5 Bxc5 13. Nb3 Bb6 14. Nbd4 Nxd4
15. Nxd4 Be4 16. a5 Bc5 17. Be3 Rc8 18. f3 Bg6 19. Bh3 Rc7 20. Qd2 a6 21. c3
bxc3 22. bxc3 Ne8 23. Bf1 Qa8 24. Bf2 Nd6 25. Qf4 Rcc8 26. h4 Nc4 27. Bxc4 dxc4
28. g4 Bd3 29. Ne2 Bxe2 30. Rxe2 Bxf2+ 31. Kxf2 Qd5 32. Re5 Qd3 33. Qd4 Rfd8
34. Qxd3 cxd3 35. Rd1 Rxc3 36. Rd2 Kf8 37. Ke3 Rd6 38. h5 f6 39. Re4 Ra3 40.
Rd4 Rxd4 41. Kxd4 Rxa5 42. Rxd3 g6 43. hxg6 hxg6 44. Rb3 Kg7 45. f4 Ra4+ 46.
Ke3 g5 47. fxg5 fxg5 48. Rb6 Rxg4 49. Rxa6 Rf4 50. Rb6 Rf6 51. Rxf6 Kxf6 52.
Kf3 Kf5 1/2-1/2

[Event "Böblinger Open 2015"]
[Site "Böblingen"]
[Date "2015.12.29"]
[Round "6.2"]
[White "Feller, Sebastien"]
[Black "Nguyen, Thai Dai Van"]
[Result "1/2-1/2"]
[WhiteElo "2623"]
[BlackElo "2396"]
[PlyCount "95"]
[EventDate "2015.12.??"]
[EventType "swiss"]
[EventRounds "9"]
[WhiteTeam "SG Speyer-Schwegenheim"]

1. c4 e6 2. Nc3 d5 3. d4 Nf6 4. Nf3 Be7 5. e3 O-O 6. Bd3 b6 7. O-O Bb7 8. cxd5
exd5 9. b3 c5 10. Bb2 Nbd7 11. Rc1 Ne4 12. Re1 Rc8 13. dxc5 Bf6 14. c6 Bxc6 15.
Ba6 Rc7 16. Nd4 Ndc5 17. Bf1 Ba8 18. Ncb5 Rd7 19. Ba1 Ne6 20. Nf3 Bxa1 21. Rxa1
N4g5 22. Nxg5 Qxg5 23. Rc1 d4 24. Nxd4 Nxd4 25. exd4 Rfd8 26. Rc4 g6 27. Qc1
Qf6 28. Rc8 Kg7 29. Re8 Rxe8 30. Rxe8 Bc6 31. Rc8 Bb7 32. Rc3 Qxd4 33. Rd3 Qg4
34. Qc3+ f6 35. Qc4 Qxc4 36. Rxd7+ Qf7 37. Rxf7+ Kxf7 38. f4 Ke6 39. Kf2 Kd6
40. Ke3 Kc5 41. h4 h6 42. a3 a5 43. Bd3 Bxg2 44. Bxg6 Bd5 45. Bc2 Bf7 46. Bd1
Bg6 47. Bg4 Bf7 48. Bd1 1/2-1/2

[Event "Böblinger Open 2015"]
[Site "Böblingen"]
[Date "2015.12.29"]
[Round "6.3"]
[White "Pezerovic, Edin"]
[Black "Bortnyk, Olexandr"]
[Result "1/2-1/2"]
[WhiteElo "2414"]
[BlackElo "2552"]
[PlyCount "43"]
[EventDate "2015.12.??"]
[EventType "swiss"]
[EventRounds "9"]
[WhiteTeam "Münchener SC"]

1. d4 Nf6 2. Bf4 g6 3. e3 Bg7 4. Nf3 O-O 5. h3 d6 6. c3 b6 7. Bc4 Bb7 8. O-O
Nbd7 9. a4 a6 10. Bh2 Qe8 11. Re1 e5 12. Nfd2 Qe7 13. Nf1 Rfe8 14. Nbd2 c5 15.
Be2 Rad8 16. Nc4 Ba8 17. dxe5 Nxe5 18. Nxe5 dxe5 19. Qb3 Ne4 20. Red1 Qf6 21.
f3 Ng5 22. Rxd8 1/2-1/2

[Event "Böblinger Open 2015"]
[Site "Böblingen"]
[Date "2015.12.29"]
[Round "6.4"]
[White "Neef, Maximilian"]
[Black "Skoberne, Jure"]
[Result "1/2-1/2"]
[WhiteElo "2403"]
[BlackElo "2547"]
[PlyCount "103"]
[EventDate "2015.12.??"]
[EventType "swiss"]
[EventRounds "9"]
[WhiteTeam "USV TU Dresden"]

1. Nf3 Nf6 2. c4 g6 3. Nc3 Bg7 4. e4 O-O 5. d4 c6 6. Be2 d6 7. h3 e5 8. d5 Na6
9. Bg5 Bd7 10. Nd2 Qb8 11. O-O cxd5 12. cxd5 b5 13. a3 Rc8 14. Rc1 Nc7 15. b4
a5 16. Qb3 a4 17. Qb1 Qb7 18. Qd3 Rab8 19. Rc2 Nce8 20. Rfc1 h6 21. Be3 Rc7 22.
Nd1 Rbc8 23. Rxc7 Rxc7 24. Rxc7 Nxc7 25. Nc3 Nfe8 26. Bg4 f5 27. exf5 e4 28.
Qxe4 gxf5 29. Bxf5 Bxf5 30. Qxf5 Bxc3 31. Qg6+ Bg7 32. Bxh6 Qxd5 33. Bxg7 Nxg7
34. Ne4 Nce8 35. f3 Qh5 36. Qxh5 Nxh5 37. Nc3 Nc7 38. Kf2 Nf4 39. h4 Nd3+ 40.
Ke3 Ne1 41. Ke4 Nc2 42. Nb1 d5+ 43. Ke5 Ne3 44. Kd4 Nxg2 45. Kc5 Ne3 46. Nc3 d4
47. Kxd4 Nc2+ 48. Kc5 Nxa3 49. Kb6 Ne6 50. Nxa4 bxa4 51. Ka5 Nd4 52. Kxa4
1/2-1/2

[Event "Böblinger Open 2015"]
[Site "Böblingen"]
[Date "2015.12.29"]
[Round "6.5"]
[White "Stupak, Kirill"]
[Black "Xu, Xiangyu"]
[Result "1/2-1/2"]
[WhiteElo "2542"]
[BlackElo "2390"]
[PlyCount "80"]
[EventDate "2015.12.??"]
[EventType "swiss"]
[EventRounds "9"]

1. d4 Nf6 2. c4 g6 3. g3 Bg7 4. Bg2 d5 5. Nf3 O-O 6. O-O Nc6 7. Na3 a5 8. e3
Nb4 9. Qe2 c6 10. Rd1 b6 11. b3 Ne4 12. Bb2 Ba6 13. Nd2 f5 14. Nf3 Qc8 15. Ne5
Qe6 16. Bf1 Rfd8 17. f3 Bxe5 18. fxe4 Bg7 19. e5 Rac8 20. Nb1 c5 21. a3 Nc6 22.
Nc3 Qf7 23. Na4 Rb8 24. Rab1 dxc4 25. bxc4 cxd4 26. exd4 e6 27. Bg2 Qe8 28. d5
exd5 29. Bxd5+ Rxd5 30. Rxd5 Ne7 31. Qd1 Nxd5 32. Qxd5+ Kh8 33. e6 Bxb2 34.
Nxb2 Bb7 35. Qe5+ Kg8 36. Rd1 Rd8 37. Rxd8 Qxd8 38. e7 Qe8 39. Qe6+ Kg7 40. Na4
Qc6 1/2-1/2

[Event "Böblinger Open 2015"]
[Site "Böblingen"]
[Date "2015.12.29"]
[Round "6.6"]
[White "Schiendorfer, Emanuel"]
[Black "Dann, Matthias"]
[Result "0-1"]
[WhiteElo "2339"]
[BlackElo "2477"]
[PlyCount "110"]
[EventDate "2015.12.??"]
[EventType "swiss"]
[EventRounds "9"]
[BlackTeam "TSV Schott Mainz"]

1. Nf3 Nf6 2. g3 g6 3. Bg2 Bg7 4. O-O O-O 5. c4 d6 6. Nc3 a6 7. d3 e5 8. Rb1
Nh5 9. b4 f5 10. Qb3 Kh8 11. Bg5 Qd7 12. Nh4 Nc6 13. e3 f4 14. b5 Nd8 15. exf4
exf4 16. Nd5 axb5 17. Ne7 Re8 18. Rbe1 Nf7 19. Nhxg6+ hxg6 20. Nxg6+ Kh7 21.
Nxf4 Nxg5 22. Nxh5 Qf7 23. Rxe8 Qxe8 24. Nxg7 Kxg7 25. h4 Nf7 26. cxb5 Qe5 27.
Qc4 Be6 28. Qxc7 Rxa2 29. Qxb7 Rb2 30. b6 Qd4 31. Qe7 Bf5 32. Qe3 Qxe3 33. fxe3
Bxd3 34. Rd1 Be2 35. Re1 Ba6 36. Be4 Rxb6 37. Rb1 Rxb1+ 38. Bxb1 Bc8 39. Kf2
Bg4 40. Be4 Ne5 41. Bd5 Kf6 42. e4 Nd7 43. Ke3 Ke5 44. Bf7 Nf6 45. Bg6 Bd1 46.
Kd2 Bf3 47. Ke3 Bxe4 48. Bxe4 Nxe4 49. g4 d5 50. g5 d4+ 51. Kf3 Kf5 52. g6 Nf6
53. g7 Ng8 54. h5 Ke5 55. Kg4 d3 0-1

[Event "Böblinger Open 2015"]
[Site "Böblingen"]
[Date "2015.12.29"]
[Round "6.8"]
[White "Smirnov, Artem"]
[Black "Höfelsauer, Thomas"]
[Result "1/2-1/2"]
[WhiteElo "2429"]
[BlackElo "2300"]
[PlyCount "143"]
[EventDate "2015.12.??"]
[EventType "swiss"]
[EventRounds "9"]
[BlackTeam "SC Garching"]

1. Nf3 Nf6 2. g3 d5 3. Bg2 c6 4. O-O Bf5 5. c4 e6 6. cxd5 exd5 7. d3 Be7 8. Qb3
Qb6 9. Qc2 O-O 10. Nc3 Na6 11. e4 Bg6 12. Qe2 Nb4 13. Ne5 Bh5 14. g4 Bd6 15.
gxh5 Bxe5 16. h6 g6 17. a3 Na6 18. exd5 Rfe8 19. Qf3 cxd5 20. Nxd5 Nxd5 21.
Qxd5 Rad8 22. Qxb7 Qxb7 23. Bxb7 Nc5 24. Bc6 Re6 25. Bb5 Nxd3 26. Bg5 Rd4 27.
Be3 Rdd6 28. Bxd3 Rxd3 29. Rad1 Red6 30. Rxd3 Rxd3 31. Bxa7 Bxb2 32. a4 Kf8 33.
Bc5+ Ke8 34. Rb1 Ba3 35. Be3 Bd6 36. a5 Ra3 37. Bb6 Bf4 38. Re1+ Kd7 39. Rd1+
Kc6 40. Rd4 Bxh6 41. Rc4+ Kb5 42. Rh4 Bd2 43. Rxh7 Rf3 44. Kg2 Rf5 45. Rh3 Bxa5
46. Bxa5 Kxa5 47. Rb3 Rg5+ 48. Kh3 f5 49. Rg3 Rh5+ 50. Kg2 g5 51. Rb3 Rh7 52.
h3 f4 53. Rb8 Rh5 54. Rb3 Ka6 55. Rb1 Ka5 56. Rb2 Ka6 57. Kf3 Rh4 58. Kg2 Rh5
59. Rb8 Ka5 60. Rf8 Kb6 61. Rf5 Kc6 62. h4 Rxh4 63. Rxg5 Kd6 64. Kf3 Ke6 65.
Rg4 Rxg4 66. Kxg4 Ke5 67. f3 Ke6 68. Kxf4 Kf6 69. Ke4 Ke6 70. f4 Kf6 71. f5 Kf7
72. Ke5 1/2-1/2

[Event "Böblinger Open 2015"]
[Site "Böblingen"]
[Date "2015.12.29"]
[Round "6.9"]
[White "Holm, Kristian Stuvik"]
[Black "Kucuksari, Kaan"]
[Result "1-0"]
[WhiteElo "2417"]
[BlackElo "2035"]
[PlyCount "81"]
[EventDate "2015.12.??"]
[EventType "swiss"]
[EventRounds "9"]
[WhiteTeam "Vålerenga"]

1. Nf3 f5 2. d3 d6 3. e4 e5 4. Nc3 c5 5. g3 Nf6 6. Bh3 fxe4 7. Bxc8 Qxc8 8.
dxe4 Nc6 9. Bg5 Be7 10. Bxf6 gxf6 11. Nh4 Qe6 12. Nf5 O-O-O 13. Nd5 h5 14. c3
Kb8 15. h4 Rd7 16. Qe2 Bd8 17. O-O-O Ne7 18. Ndxe7 Bxe7 19. Rd5 a6 20. Rhd1 Bf8
21. Kb1 Kc7 22. Qc4 Qf7 23. Qa4 Rh7 24. Qa5+ Kb8 25. Qb6 Qe6 26. R1d3 Rc7 27.
Nxd6 Rhd7 28. Nc4 Rc6 29. Qb3 Rxd5 30. Rxd5 Qg4 31. Qc2 b5 32. Ne3 Qf3 33. a4
Rd6 34. Rxd6 Bxd6 35. axb5 axb5 36. Qd3 Qh1+ 37. Ka2 Kc7 38. Nd5+ Kc6 39. Nxf6
Bb8 40. Qd7+ Kb6 41. Nd5+ 1-0